<?xml version="1.0" encoding="UTF-8"?>
<record
    xmlns:xsi="http://www.w3.org/2001/XMLSchema-instance"
    xsi:schemaLocation="http://www.loc.gov/MARC21/slim http://www.loc.gov/standards/marcxml/schema/MARC21slim.xsd"
    xmlns="http://www.loc.gov/MARC21/slim">

  <leader>01085nam0a2200313   4500</leader>
  <controlfield tag="001">RU\NLR\ONL2\2316</controlfield>
  <controlfield tag="005">20250613124549.0</controlfield>
  <datafield tag="010" ind1=" " ind2=" ">
    <subfield code="a">5-7539-0497-1</subfield>
  </datafield>
  <datafield tag="035" ind1=" " ind2=" ">
    <subfield code="a">(NLR Aleph) 009649919</subfield>
  </datafield>
  <datafield tag="090" ind1=" " ind2=" ">
    <subfield code="a">9571875</subfield>
    <subfield code="c">9571875</subfield>
  </datafield>
  <datafield tag="100" ind1=" " ind2=" ">
    <subfield code="a">20040617d2003    |||y0rusy50      ca</subfield>
  </datafield>
  <datafield tag="101" ind1="0" ind2=" ">
    <subfield code="a">xal</subfield>
  </datafield>
  <datafield tag="102" ind1=" " ind2=" ">
    <subfield code="a">RU</subfield>
  </datafield>
  <datafield tag="105" ind1=" " ind2=" ">
    <subfield code="a">y |||||||||</subfield>
  </datafield>
  <datafield tag="200" ind1="1" ind2=" ">
    <subfield code="a">&#x41A;&#x43B;&#x430;&#x441;&#x441;&#x438;&#x43D; &#x445;&#x43E;&#x43E;&#x43D; &#x443;&#x43C;&#x448;&#x43B;h&#x43D;&#x430; &#x434;&#x435;&#x433;&#x442;&#x440;</subfield>
    <subfield code="e">1-4-&#x433;&#x447; &#x43A;&#x43B;&#x430;&#x441;&#x441;&#x442;</subfield>
    <subfield code="f">&#x414;&#x435;&#x433;&#x442;&#x440; &#x431;&#x443;&#x440;&#x434;&#x44D;h&#x44D;&#x447;&#x43D;&#x440; &#x41C;&#x43E;&#x43D;&#x43A;&#x44D;&#x43D; &#x41C;&#x430;&#x440;&#x438;&#x44F;, &#x41E;&#x43D;&#x442;&#x430;&#x43D; &#x417;&#x43E;&#x44F;</subfield>
  </datafield>
  <datafield tag="205" ind1=" " ind2=" ">
    <subfield code="a">&#x42F;&#x441;&#x432;&#x440;&#x442;&#x430;, &#x43D;&#x435;&#x43C;&#x440;&#x442;&#x44D; 3-&#x433;&#x447; h&#x430;&#x440;&#x446;</subfield>
  </datafield>
  <datafield tag="210" ind1=" " ind2=" ">
    <subfield code="a">&#x42D;&#x43B;&#x441;&#x442;</subfield>
    <subfield code="c">&#x425;&#x430;&#x43B;&#x44C;&#x43C;&#x433; &#x434;&#x435;&#x433;&#x442;&#x440; h&#x430;&#x440;h&#x430;&#x447;</subfield>
    <subfield code="d">2003</subfield>
  </datafield>
  <datafield tag="215" ind1=" " ind2=" ">
    <subfield code="a">302,[1] &#x441;.</subfield>
    <subfield code="d">22</subfield>
  </datafield>
  <datafield tag="541" ind1="1" ind2=" ">
    <subfield code="a">&#x41A;&#x43D;&#x438;&#x433;&#x430; &#x434;&#x43B;&#x44F; &#x432;&#x43D;&#x435;&#x43A;&#x43B;&#x430;&#x441;&#x441;&#x43D;&#x43E;&#x433;&#x43E; &#x447;&#x442;&#x435;&#x43D;&#x438;&#x44F; &#x432; 1-4 &#x43A;&#x43B;&#x430;&#x441;&#x441;&#x430;&#x445;</subfield>
    <subfield code="z">rus</subfield>
  </datafield>
  <datafield tag="606" ind1="0" ind2=" ">
    <subfield code="a">&#x41A;&#x430;&#x43B;&#x43C;&#x44B;&#x446;&#x43A;&#x438;&#x439; &#x44F;&#x437;&#x44B;&#x43A;</subfield>
    <subfield code="9">1225153</subfield>
    <subfield code="3">RU\NLR\auth\66499000</subfield>
  </datafield>
  <datafield tag="686" ind1="1" ind2=" ">
    <subfield code="a">&#x428;164.3-94</subfield>
  </datafield>
  <datafield tag="702" ind1=" " ind2="1">
    <subfield code="a">&#x41C;&#x43E;&#x43D;&#x43A;&#x44D;&#x43D;</subfield>
    <subfield code="b">&#x41C;</subfield>
    <subfield code="g">&#x41C;&#x430;&#x440;&#x438;&#x44F;</subfield>
    <subfield code="4">220</subfield>
  </datafield>
  <datafield tag="801" ind1=" " ind2="0">
    <subfield code="a">RU</subfield>
    <subfield code="b">NLR</subfield>
    <subfield code="c">20040617</subfield>
    <subfield code="g">PSBO</subfield>
  </datafield>
  <datafield tag="852" ind1=" " ind2=" ">
    <subfield code="a">NLR</subfield>
    <subfield code="b">&#x41E;&#x41D;&#x41B;</subfield>
    <subfield code="j">&#x41A;&#x430;&#x43B;&#x43C;./3-625</subfield>
  </datafield>
  <datafield tag="942" ind1=" " ind2=" ">
    <subfield code="c">BOOK</subfield>
  </datafield>
  <datafield tag="980" ind1=" " ind2=" ">
    <subfield code="a">NB</subfield>
  </datafield>
  <datafield tag="980" ind1=" " ind2=" ">
    <subfield code="a">ONL_RF</subfield>
  </datafield>
  <datafield tag="995" ind1=" " ind2=" ">
    <subfield code="5">2013-10-26</subfield>
    <subfield code="b">NLR01</subfield>
    <subfield code="c">NLR01</subfield>
    <subfield code="e">ONL</subfield>
    <subfield code="f">9649919-10</subfield>
    <subfield code="k">&#x41A;&#x430;&#x43B;&#x43C;./3-625</subfield>
    <subfield code="o">0</subfield>
    <subfield code="r">BOOK</subfield>
    <subfield code="s">3625_</subfield>
  </datafield>
</record>
